000
00374nam a2200145Ia 4500
008
230411s9999 xx 000 0 und d
020
_a
81-86361-21-9
041
_a
eng
082
_a
P/610.7362/TAM/B00512
100
_a
Tambulwadkar R
245
_a
Paediatric Nursing.
260
_b
Vora Medical Publications
_a
Mumbai
_c
2005
300
_a
321p
999
_c
151981
_d
151981